| 000 | 01373nam a2200373 c 4500 | ||
|---|---|---|---|
| 001 | 19699 | ||
| 003 | ES-MaCES | ||
| 005 | 20150925135637.0 | ||
| 008 | 070207s2006 pe a s o000 | spa d | ||
| 035 | _aCES20070000572m | ||
| 040 |
_aES-MaCES _bspa _cES-MaCES |
||
| 245 | 0 | 0 |
_aAnuario estadístico 2005 _c[Oficina de Estadística de la Oficina de Estadística e Informática del Ministerio de Trabajo y Promoción del Empleo de Perú] |
| 260 |
_aLima _bMTPE _c[2006?] |
||
| 300 |
_a[28], 274 p. _bil. bl. y n. _c30 cm |
||
| 490 | 1 |
_aSerie histórica _v12 |
|
| 500 | _aTít. tomado de la cub | ||
| 500 | _aAnteriormente, v.a.: Ministerio de Trabajo | ||
| 541 | _cGratuito | ||
| 650 | 4 |
_aempleo _928299 |
|
| 650 | 4 |
_amercado de trabajo _928292 |
|
| 650 | 4 |
_aanálisis del mercado de mano de obra _930745 |
|
| 650 | 4 |
_anegociación colectiva _928362 |
|
| 650 | 4 |
_acondiciones de empleo _930040 |
|
| 650 | 4 |
_aPerú _926892 |
|
| 650 | 4 |
_a2005 _931686 |
|
| 650 | 4 |
_adatos estadísticos _930765 |
|
| 653 | 1 | 0 | _aEstadísticas económico-sociales |
| 650 | 4 |
_928369 _arelaciones laborales |
|
| 710 | 1 |
_aPerú _bMinisterio de Trabajo y Promoción del Empleo _94828 |
|
| 830 | 0 |
_aSerie histórica (Perú. Ministerio de Trabajo y Promoción del Empleo) _v12 _934267 |
|
| 902 | _aLIB Libro | ||
| 942 |
_2CES _cBK _h8.2. |
||
| 999 |
_c19699 _d19699 |
||